000 01215cam a2200325 a 4500
999 _c1374
_d1374
001 15749670
003 OSt
005 20210625115144.0
008 090525s2010 nyua b 001 0 eng
010 _a 2009020876
020 _a9780205698813 (alk. paper)
020 _a0205698816 (alk. paper)
020 _a9780205686117 (interactive edition : alk. paper)
020 _a0205686117 (interactive edition : alk. paper)
035 _a(OCoLC)ocn277205409
040 _aDLC
_cALUPE UNIVERSITY
_dYDX
_dBTCTA
_dYDXCP
_dDLC
050 0 0 _aPN6014
_b.L58 2010
082 0 0 _a808
_222
245 0 0 _aLiterature :
_ban introduction to fiction, poetry, drama, and writing /
_c[compiled by] X.J. Kennedy, Dana Gioia.
250 _aInteractive ed., 11th ed.
260 _aNew York :
_bLongman,
_cc2010.
300 _alix, 2137 p. :
_bill. ;
_c25 cm.
504 _aIncludes bibliographical references and indexes.
650 0 _aLiterature
_vCollections.
700 1 _aKennedy, X. J.
700 1 _aGioia, Dana.
906 _a7
_bcbc
_corignew
_d1
_eecip
_f20
_gy-gencatlg
942 _2lcc
_cBK
_nPW